[Event "Tourn. n8040"]
[Site "www.chess-mail.com"]
[Date "2015.02.24"]
[Round "1"]
[White "Aperturaf"]
[Black "Sontuozio"]
[WhiteElo "2250"]
[BlackElo "2160"]
[Result "1-0"]
[Round "1"]
1.e4 e6
2.d4 d5
3.Bf1d3 c5
4.c3 Nb8c6
5.exd5 Qd8xd5
6.Ng1f3 cxd4
7.cxd4 Ng8f6
8.O-O Bf8e7
9.Nb1c3 Qd5h5
10.Bc1f4 O-O
11.a3 a6
12.Ra1c1 Rf8d8
13.h3 Kf8
14.Bd3e2 Qh5a5
15.Nc3a4 Be7d6
16.Nf3e5 Nc6xe5
17.b4 Qa5d5
18.dxe5 Bd6xe5
19.Bf4xe5 Qd5xd1
20.Rf1xd1 Rd8xd1
21.Be2xd1 Nf6d5
22.Bd1f3 Bc8d7
23.Bf3xd5 exd5
24.Na4b6 Ra8d8
25.Be5c7 { resign }
1-0

[Event "Tourn. n7943"]
[Site "www.chess-mail.com"]
[Date "2015.02.24"]
[Round "1"]
[White "Picifarkinca"]
[Black "Difficult"]
[WhiteElo "1970"]
[BlackElo "1880"]
[Result "0-1"]
[Round "1"]
1.Ng1f3 d5
2.g3 c6
3.Bf1g2 Ng8f6
4.d3 Bc8f5
5.O-O e6
6.Nf3h4 Bf5g6
7.Nh4xg6 hxg6
8.e4 dxe4
9.dxe4 Qd8xd1
10.Rf1xd1 Bf8e7
11.b3 Nb8d7
12.Bc1b2 O-O-O
13.c4 Nd7b8
14.Nb1c3 Rd8xd1
15.Ra1xd1 Nb8d7
16.a3 Kc7
17.b4 b6
18.h3 a6
19.f4 b5
20.c5 Rh8d8
21.g4 Kc8
22.e5 Nf6d5
23.Nc3xd5 exd5
24.Bb2d4 Rd8g8
25.g5 Nd7f8
{ resign }
0-1

[Event "Tourn. n8056"]
[Site "www.chess-mail.com"]
[Date "2015.02.24"]
[Round "1"]
[White "Cardiff"]
[Black "Luban"]
[WhiteElo "1940"]
[BlackElo "2080"]
[Result "1/2-1/2"]
[Round "1"]
1.c4 e6
2.Nb1c3 d5
3.cxd5 exd5
4.d4 h6
5.Ng1f3 Ng8f6
6.g3 Bc8e6
7.Bf1g2 a6
8.O-O c5
9.b3 Nb8c6
10.Bc1b2 Ra8c8
11.e3 Bf8e7
12.Ra1c1 cxd4
13.Nf3xd4 Nc6xd4
14.Qd1xd4 Be7c5
15.Qd4d1 O-O
16.Nc3a4 Bc5e7
17.Rc1xc8 Qd8xc8
18.Qd1e2 b5
19.Rf1c1 Qc8b7
20.Na4c5 Be7xc5
21.Rc1xc5 Nf6d7
22.Rc5c2 Rf8c8
23.Rc2xc8 Qb7xc8
24.h4 Nd7b8
25.Qe2d2 Qc8d8
26.Qd2d4 f6
27.e4 Nb8c6
28.Qd4c5 Nc6e7
29.exd5 Ne7xd5
30.Bg2xd5 { draw }
1/2-1/2

[Event "Tourn. n7863"]
[Site "www.chess-mail.com"]
[Date "2015.02.24"]
[Round "1"]
[White "Falcoale"]
[Black "Vasylpuzanov"]
[WhiteElo "2060"]
[BlackElo "1820"]
[Result "0-1"]
[Round "1"]
1.e4 e5
2.Ng1f3 Nb8c6
3.Bf1b5 a6
4.Bb5a4 Ng8f6
5.O-O b5
6.Ba4b3 Bc8b7
7.Rf1e1 Bf8d6
8.Nb1c3 O-O
9.d3 Nc6d4
10.Nf3xd4 exd4
11.Nc3e2 Nf6g4
12.Ne2g3 Qd8h4
13.h3 Ng4xf2
14.Kxf2 Bd6xg3
15.Kf1 Bg3xe1
16.Qd1xe1 Qh4xe1
17.Kxe1 Kh8
18.Bc1f4 f5
19.e5 Bb7xg2
20.h4 Bg2c6
21.O-O-O a5
22.a3 a4
23.Bb3a2 Ra8e8
24.Rd1g1 Bc6f3
25.Kd2 Bf3a8
26.Rg1g3 Re8e7
27.c3 dxc3
28.bxc3 h6
29.d4 Ba8e4
30.c4 bxc4
31.Ba2xc4 Rf8b8
32.Kc3 Rb8b1
33.Bc4d3 Rb1b3
34.Kd2 Rb3xa3
35.Bd3xe4 Ra3xg3
36.Bf4xg3 fxe4
37.Ke3 a3
38.Bg3e1 Re7e6
39.Be1c3 Re6c6
40.Kxe4 Rc6xc3
{ resign }
0-1

[Event "Tourn. n7900"]
[Site "www.chess-mail.com"]
[Date "2015.02.24"]
[Round "1"]
[White "Danquigley"]
[Black "Asoka"]
[WhiteElo "2600"]
[BlackElo "2650"]
[Result "0-1"]
[Round "1"]
1.e4 e5
2.Ng1f3 Nb8c6
3.c3 d5
4.Qd1a4 f6
5.d3 Ng8e7
6.Bf1e2 Bc8e6
7.O-O a6
8.Nb1d2 g5
9.Rf1e1 g4
10.Nf3h4 Qd8d7
11.d4 O-O-O
12.b4 Kb8
13.b5 Nc6a7
14.Qa4b3 axb5
15.a4 dxe4
16.Qb3b2 e3
17.fxe3 b4
18.cxb4 exd4
19.Nd2e4 Ne7g6
20.Be2b5 Qd7d5
21.Nh4xg6 hxg6
22.exd4 Be6f5
23.Ne4g3 Bf8d6
24.Qb2f2 Bd6xb4
25.Re1d1 Rh8h7
26.Bc1f4 Bb4c3
27.Ng3xf5 gxf5
28.Ra1b1 Bc3xd4
29.Rd1xd4 Qd5xd4
30.Bb5a6 Na7c6
31.Rb1xb7 Ka8
32.Rb7xc7 Qd4xf2
33.Kxf2 Rh7xc7
34.Bf4xc7 Rd8d4
35.a5 Nc6xa5
36.Bc7xa5 Rd4a4
37.Ba5d2 Ra4xa6
38.Kg3 Ra6a4
39.h4 Kb7
40.Bd2h6 Kc6
41.Bh6g7 Kd5
42.Bg7xf6 Ke4
43.h5 Ra4a3
44.Kh4 Ra3a2
45.h6 Ra2xg2
{ resign }
0-1

[Event "Tourn. n7957"]
[Site "www.chess-mail.com"]
[Date "2015.02.24"]
[Round "1"]
[White "Difficult"]
[Black "Picifarkinca"]
[WhiteElo "1880"]
[BlackElo "2000"]
[Result "1-0"]
[Round "1"]
1.e4 e5
2.Ng1f3 Nb8c6
3.Bf1b5 a6
4.Bb5xc6 dxc6
5.d4 exd4
6.Qd1xd4 Qd8xd4
7.Nf3xd4 c5
8.Nd4e2 Ng8e7
9.Bc1f4 c6
10.Nb1c3 Ne7g6
11.Bf4e3 b5
12.Ne2g3 h5
13.f3 h4
14.Ng3f1 Ng6e5
15.b3 h3
16.Kf2 hxg2
17.Kxg2 Bc8h3
18.Kf2 O-O-O
19.Nf1g3 g6
20.Be3f4 Bf8g7
21.Nc3e2 Bh3e6
22.Ra1d1 Rd8xd1
23.Rh1xd1 { resign }
1-0

[Event "Match"]
[Site "www.echecsemail.com"]
[Date "2015.02.24"]
[Round "1"]
[White "Willbest500"]
[Black "Bartos33"]
[WhiteElo "1499"]
[BlackElo "1499"]
[Result "0-1"]
[Round "1"]
1.e4 e5
2.Bf1c4 g6
3.Ng1f3 Bf8g7
4.Nb1c3 c6
5.O-O Ng8e7
6.d3 d5
7.Rf1e1 Bc8g4
8.Bc4b3 O-O
9.h3 Bg4e6
10.Bc1g5 Nb8d7
11.Nc3a4 b5
12.Na4c3 Rf8e8
13.a4 Qd8b6
14.axb5 cxb5
15.exd5 Be6xd5
16.Nc3xd5 Ne7xd5
17.Bb3xd5 Ra8c8
18.Bg5e3 Qb6c7
19.b4 e4
20.Ra1xa7 Qc7d6
21.Bd5b7 Rc8c7
22.c3 Bg7xc3
23.Bb7xe4 Bc3xe1
24.Qd1xe1 f5
25.Ra7a5 fxe4
26.dxe4 Nd7f6
27.Nf3d2 Qd6xb4
28.Be3b6 Re8xe4
29.Qe1d1 Rc7b7
30.Bb6d8 Rb7d7
31.Bd8b6 Rd7xd2
32.Qd1a1 Qb4d6
33.Ra5a8 Nf6e8
34.Ra8a7 Rd2d1
35.Qa1xd1 Qd6xd1
36.Kh2 Qd1d6
37.g3 Qd6xb6
38.Ra7a1 Qb6xf2
39.Kh1 Qf2xg3
40.Ra1b1 Qg3xh3
41.Kg1 Qh3d3
42.Kf2 Qd3xb1
43.Kf3 Qb1d3
44.Kf2 b4
45.Kg2 b3
46.Kh1 b2
{ resign }
0-1

[Event "Match"]
[Site "www.echecsemail.com"]
[Date "2015.02.24"]
[Round "1"]
[White "Sorren"]
[Black "Llord"]
[WhiteElo "1840"]
[BlackElo "1700"]
[Result "1-0"]
[Round "1"]
1.e4 e5
2.Ng1f3 Nb8c6
3.Bf1c4 Bf8e7
4.d4 exd4
5.Nf3xd4 Nc6xd4
6.Qd1xd4 Ng8f6
7.e5 O-O
8.exf6 Be7xf6
9.Qd4f4 Qd8e7
10.Bc4e2 b6
11.Qf4f3 Bc8a6
12.Nb1c3 Rf8e8
13.Bc1e3 Ba6xe2
14.Qf3xe2 Bf6xc3
15.bxc3 Qe7a3
16.Qe2d3 Qa3b2
17.O-O d6
18.Rf1b1 Qb2a3
19.c4 Qa3a5
20.h3 Qa5e5
21.Rb1e1 Re8e6
22.Be3d2 Qe5f6
23.Re1xe6 Qf6xa1
24.Re6e1 Qa1xa2
25.Qd3e4 Qa2a4
26.Qe4xa8 { resign }
1-0

[Event "Match"]
[Site "www.echecsemail.com"]
[Date "2015.02.24"]
[Round "1"]
[White "Cardiff"]
[Black "Arnpriorite"]
[WhiteElo "1930"]
[BlackElo "2170"]
[Result "0-1"]
[Round "1"]
1.e4 e5
2.Ng1f3 Nb8c6
3.Bf1b5 Ng8e7
4.d4 exd4
5.Nf3xd4 Nc6xd4
6.Qd1xd4 c6
7.Bb5e2 d5
8.exd5 Qd8xd5
9.Qd4xd5 Ne7xd5
10.c3 Bf8c5
11.O-O O-O
12.Nb1d2 Rf8e8
13.Be2f3 Nd5f6
14.Nd2b3 Bc5b6
15.Bc1g5 Bc8g4
16.Bg5xf6 Bg4xf3
17.gxf3 gxf6
18.Rf1e1 Re8e6
19.Re1e4 f5
20.Re4xe6 fxe6
21.Ra1d1 Ra8d8
22.Rd1e1 Kf7
23.Re1e2 Kf6
24.Kg2 Rd8g8
25.Kf1 e5
26.Re2d2 Ke6
27.a4 a5
28.h3 Rg8g7
29.c4 Rg7d7
30.Ke2 Rd7xd2
31.Nb3xd2 Bb6d4
32.b3 Kd6
33.Nd2f1 b5
34.axb5 cxb5
35.Nf1e3 a4
36.bxa4 bxa4
37.Ne3xf5 Kc5
38.Nf5g3 Kxc4
39.Ng3e4 a3
40.Ne4d6 Kb3
{ resign }
0-1

[Event "Match"]
[Site "www.echecsemail.com"]
[Date "2015.02.24"]
[Round "1"]
[White "Chapi"]
[Black "F14"]
[WhiteElo "2010"]
[BlackElo "1599"]
[Result "1-0"]
[Round "1"]
1.d4 Ng8f6
2.c4 g6
3.Nb1c3 d5
4.Ng1f3 Bf8g7
5.cxd5 Nf6xd5
6.e4 Nd5xc3
7.bxc3 c5
8.Bf1c4 Nb8c6
9.Bc1b2 cxd4
10.cxd4 O-O
11.O-O Bc8g4
12.Qd1d3 Bg4xf3
13.Qd3xf3 Nc6xd4
14.Qf3d3 Nd4e6
15.Ra1b1 Qd8xd3
16.Bc4xd3 Ne6c5
17.Bd3c2 b6
18.a4 Bg7xb2
19.Rb1xb2 e5
20.f4 exf4
21.Rf1xf4 Ra8d8
22.Rb2b1 Rd8d4
23.a5 Rd4d2
24.axb6 axb6
25.Bc2d1 Rf8d8
26.Bd1f3 Rd8d6
27.e5 Rd6d4
28.Rf4xd4 Rd2xd4
29.Rb1xb6 Nc5e6
30.h3 Rd4d8
31.Bf3g4 Ne6d4
32.Rb6d6 Rd8xd6
33.exd6 f5
34.d7 Nd4e6
35.Bg4f3 Kf8
36.Bf3d5 Ne6d8
37.Kf2 Ke7
38.Bd5g8 g5
39.Bg8xh7 f4
40.Bh7f5 Kf6
41.Bf5g4 Ke5
42.Kf3 Kd4
43.Bg4f5 Nd8f7
44.h4 Ke5
45.Bf5g6 g4
46.Kxg4 Nf7d8
47.h5 Ke6
48.Bg6f5 Kf6
49.h6 Nd8f7
50.h7 Kg7
51.Kxf4 Nf7d8
52.g4 Kh8
53.g5 Kg7
54.g6 Kh8
55.Kg5 { resign }
1-0

[Event "Match"]
[Site "www.echecsemail.com"]
[Date "2015.02.24"]
[Round "1"]
[White "Add"]
[Black "Tenzinnima"]
[WhiteElo "1880"]
[BlackElo "2270"]
[Result "1-0"]
[Round "1"]
1.e4 e6
2.e5 d5
3.d4 c5
4.Ng1f3 cxd4
5.Qd1xd4 Nb8c6
6.Qd4d1 Bf8c5
7.c3 Ng8e7
8.Bc1g5 O-O
9.Bf1d3 Qd8c7
10.Qd1c2 Ne7g6
11.O-O Nc6xe5
12.Nf3xe5 Qc7xe5
13.Bg5d2 Qe5d6
14.Bd2e3 Bc5xe3
15.fxe3 b6
16.Nb1d2 Bc8b7
17.Nd2f3 e5
18.Ra1d1 Ra8e8
19.Bd3e2 h6
20.a3 Re8e6
21.Nf3d2 Qd6e7
22.Be2g4 Re6d6
23.Bg4f3 Rf8d8
24.Nd2b3 Ng6h4
25.Qc2e2 Nh4xf3
26.gxf3 Bb7c8
27.Kh1 d4
28.exd4 Bc8e6
29.Qe2xe5 { resign }
1-0

[Event "Match"]
[Site "www.echecsemail.com"]
[Date "2015.02.24"]
[Round "1"]
[White "Theboss"]
[Black "Delacey"]
[WhiteElo "1599"]
[BlackElo "1649"]
[Result "1-0"]
[Round "1"]
1.e4 e5
2.Ng1f3 Nb8c6
3.Bf1b5 a6
4.Bb5xc6 dxc6
5.Nf3xe5 Bf8d6
6.Ne5f3 Bc8g4
7.h3 Bg4e6
8.d4 Be6c4
9.b3 Bc4e6
10.Bc1d2 f6
11.Nb1c3 Ng8e7
12.e5 fxe5
13.dxe5 Bd6c5
14.Nc3e4 Bc5b6
15.c4 O-O
16.Nf3g5 Qd8c8
17.Bd2b4 Bb6xf2
18.Ne4xf2 h6
19.Ng5e4 b6
20.Bb4xe7 Rf8f5
21.O-O Qc8e8
22.Be7f6 gxf6
23.Ne4xf6 Rf5xf6
24.exf6 Qe8f7
25.Nf2g4 Be6xg4
26.Qd1xg4 Kf8
27.Ra1e1 h5
28.Qg4f4 Ra8d8
29.Re1e7 Qf7g6
30.Qf4xc7 Rd8e8
31.Re7xe8 { resign }
1-0

[Event "Match"]
[Site "www.echecsemail.com"]
[Date "2015.02.24"]
[Round "1"]
[White "Sorren"]
[Black "Gilliere"]
[WhiteElo "1840"]
[BlackElo "1850"]
[Result "1-0"]
[Round "1"]
1.e4 e5
2.Ng1f3 d6
3.d4 exd4
4.Nf3xd4 Ng8f6
5.Nb1c3 Nb8d7
6.Bc1g5 Bf8e7
7.Nd4f5 Rh8g8
8.Bf1d3 Nd7c5
9.Nf5xe7 Qd8xe7
10.O-O h6
11.Nc3d5 Qe7d8
12.Nd5xf6 gxf6
13.Bg5xh6 Bc8g4
14.f3 Bg4h5
15.Bd3e2 Qd8e7
16.b4 Nc5e6
17.Qd1d5 Bh5g6
18.Qd5xb7 Qe7d8
19.Be2b5 Ke7
20.a4 Rg8h8
21.Bh6e3 Rh8h7
22.Be3xa7 Qd8h8
23.h3 Qh8d8
24.a5 Ne6f4
25.Rf1d1 Rh7g7
26.Kh1 Bg6h7
27.Ba7e3 Nf4xg2
28.Rd1g1 Ng2xe3
29.Rg1xg7 Bh7g6
30.Ra1g1 Ne3xc2
31.Rg1xg6 Ke6
32.Qb7d5 Ke7
33.Qd5xf7 
1-0

[Event "Match"]
[Site "www.echecsemail.com"]
[Date "2015.02.24"]
[Round "1"]
[White "Razorboy"]
[Black "Neverless"]
[WhiteElo "1910"]
[BlackElo "2690"]
[Result "0-1"]
[Round "1"]
1.d4 Ng8f6
2.Bc1f4 d5
3.Ng1f3 c5
4.Bf4xb8 Ra8xb8
5.dxc5 e6
6.c6 bxc6
7.b3 Bf8d6
8.e3 O-O
9.Qd1d4 Qd8c7
10.Nb1c3 e5
11.Qd4d2 Bd6b4
12.Bf1d3 Qc7a5
13.O-O-O Bb4xc3
14.Kb1 Bc3xd2
15.Nf3xd2 c5
16.f4 Bc8g4
17.Rd1f1 e4
18.h3 exd3
19.hxg4 Qa5xd2
20.Rf1d1 dxc2
21.Kb2 c1Q
{ resign }
0-1

[Event "Match"]
[Site "www.echecsemail.com"]
[Date "2015.02.24"]
[Round "1"]
[White "Gimmyg"]
[Black "F14"]
[WhiteElo "1980"]
[BlackElo "1820"]
[Result "1-0"]
[Round "1"]
1.Ng1f3 Ng8f6
2.d4 g6
3.Bc1f4 Bf8g7
4.e3 O-O
5.Bf1e2 d6
6.h3 b6
7.Nb1d2 Bc8b7
8.c4 Nf6e4
9.Nd2xe4 Bb7xe4
10.O-O Nb8d7
11.Nf3g5 e5
12.Ng5xe4 exf4
13.exf4 Nd7f6
14.Ne4c3 d5
15.cxd5 Nf6xd5
16.Nc3xd5 Qd8xd5
17.Be2f3 Qd5xd4
18.Bf3xa8 Rf8xa8
19.Qd1xd4 Bg7xd4
20.Ra1c1 c5
21.Rc1c2 a5
22.Rf1e1 Kg7
23.Re1e7 Ra8b8
24.Re7d7 Kf6
25.Rc2e2 h5
26.b3 Kg7
27.Re2e7 Rb8f8
28.Rd7b7 Bd4f6
29.Re7d7 Bf6c3
30.Rb7xb6 Bc3b4
31.Rb6b7 Kf6
32.g4 hxg4
33.hxg4 Kg7
34.Rb7c7 Kf6
35.g5 Kg7
36.Kg2 Bb4a3
37.Kh3 Ba3b4
38.Kg4 Bb4a3
39.f5 gxf5
40.Kxf5 Ba3b2
41.Rc7xc5 Rf8h8
42.Rc5c7 Rh8h2
43.Rd7xf7 Kg8
44.Kg6 Rh2h6
45.gxh6 Bb2g7
46.Rf7xg7 { resign }
1-0

[Event "Match"]
[Site "www.echecsemail.com"]
[Date "2015.02.24"]
[Round "1"]
[White "Udo"]
[Black "Gavroche"]
[WhiteElo "1550"]
[BlackElo "1790"]
[Result "0-1"]
[Round "1"]
1.e4 e5
2.f3 Bf8c5
3.Nb1c3 Ng8f6
4.Nc3d5 O-O
5.c3 Nb8c6
6.Nd5xf6 Qd8xf6
7.Ng1e2 a5
8.a3 b5
9.h4 Bc8b7
10.d3 a4
11.b4 axb3
12.Qd1xb3 Bb7a6
13.Ne2g3 Nc6a5
14.Qb3d1 Qf6e6
15.h5 Na5b3
16.Ra1b1 Nb3xc1
17.Qd1xc1 Qe6a2
18.Rb1a1 Qa2e6
19.a4 b4
20.a5 bxc3
21.Qc1xc3 Bc5d4
22.Qc3a3 Bd4xa1
23.Qa3xa1 c6
24.Ng3f5 g6
25.Nf5h6 Kg7
26.Qa1c1 f5
27.Bf1e2 Ba6b5
28.Qc1d2 d5
29.Kf2 fxe4
30.hxg6 Qe6xg6
31.Nh6g4 exf3
32.gxf3 e4
33.Qd2h6 Qg6xh6
34.Ng4xh6 exd3
35.Be2d1 Ra8xa5
36.Ke3 Rf8f6
37.Nh6g4 Rf6e6
38.Kd4 Bb5c4
39.Ng4f2 c5
40.Kc3 Ra5a3
41.Kb2 Ra3a2
42.Kb1 Ra2xf2
{ resign }
0-1

[Event "Match"]
[Site "www.echecsemail.com"]
[Date "2015.02.24"]
[Round "1"]
[White "Pariolinius"]
[Black "Cardiff"]
[WhiteElo "1830"]
[BlackElo "1950"]
[Result "1-0"]
[Round "1"]
1.d4 d5
2.c4 Nb8c6
3.Ng1f3 Bc8g4
4.Bc1f4 e6
5.Nb1c3 dxc4
6.a4 Bg4xf3
7.exf3 Qd8xd4
8.Qd1xd4 Nc6xd4
9.Ra1c1 O-O-O
10.Bf1xc4 Kb8
11.O-O Bf8d6
12.Bf4e3 Nd4f5
13.Be3d2 a6
14.Nc3e4 Ng8e7
15.Ne4xd6 Rd8xd6
16.Bd2c3 Rh8g8
17.Bc3e5 Rd6d7
18.b4 g6
19.b5 Nf5d6
20.Bc4b3 axb5
21.a5 Ne7c6
22.Be5c3 b4
23.Bc3d2 Nc6xa5
24.Bb3a4 b5
25.Ba4c2 Na5c4
26.Bd2xb4 Nd6f5
27.Bc2e4 Nc4d2
28.Rf1d1 Rg8d8
29.Be4c6 Rd7d4
30.Rc1a1 { resign }
1-0

[Event "Match"]
[Site "www.echecsemail.com"]
[Date "2015.02.24"]
[Round "1"]
[White "Norbos"]
[Black "F14"]
[WhiteElo "1710"]
[BlackElo "1599"]
[Result "0-1"]
[Round "1"]
1.e4 e5
2.Ng1f3 Nb8c6
3.d3 Ng8f6
4.Nb1c3 Bf8e7
5.Bc1e3 O-O
6.Qd1d2 d5
7.d4 exd4
8.Be3xd4 dxe4
9.Nf3g5 Qd8xd4
10.Ng5xe4 Qd4e5
11.Bf1d3 Nf6xe4
12.Bd3xe4 Bc8f5
13.Qd2e2 Be7b4
14.Qe2e3 Qe5xe4
15.O-O Qe4xc2
16.Ra1b1 Bb4xc3
17.bxc3 Rf8e8
18.Qe3c5 Ra8b8
19.Qc5c4 Bf5e6
20.Rf1c1 Qc2xc1
21.Rb1xc1 Be6xc4
22.g3 Re8e2
23.Rc1d1 Rb8d8
{ resign }
0-1

[Event "Match"]
[Site "www.echecsemail.com"]
[Date "2015.02.24"]
[Round "1"]
[White "Jeti"]
[Black "Billyg"]
[WhiteElo "1499"]
[BlackElo "1600"]
[Result "0-1"]
[Round "1"]
1.Ng1f3 d5
2.g3 Nb8c6
3.Bf1g2 h6
4.O-O Bc8g4
5.d3 Bg4xf3
6.exf3 Qd8d6
7.Bc1f4 Qd6f6
8.Nb1c3 O-O-O
9.Rf1e1 e5
 { time }
0-1

[Event "Match"]
[Site "www.echecsemail.com"]
[Date "2015.02.24"]
[Round "1"]
[White "Glenno"]
[Black "Jaguar91"]
[WhiteElo "2360"]
[BlackElo "2070"]
[Result "1-0"]
[Round "1"]
1.e4 e6
2.d4 d5
3.Nb1c3 Ng8f6
4.Bc1g5 Bf8e7
5.e5 Nf6d7
6.Bg5xe7 Qd8xe7
7.f4 c5
8.Nc3b5 Nd7b6
9.Nb5d6 Kd8
10.dxc5 Nb6d7
11.Nd6xc8 Kxc8
12.b4 Nb8c6
13.Qd1d2 Qe7h4
14.g3 Qh4h5
15.Bf1e2 Qh5g6
16.Be2d3 f5
17.Ng1f3 a6
18.Qd2c3 Qg6g4
19.Nf3g5 Nd7f8
20.Bd3e2 { resign }
1-0

[Event "Match"]
[Site "www.echecsemail.com"]
[Date "2015.02.24"]
[Round "1"]
[White "Paco6"]
[Black "Germancho95"]
[WhiteElo "1610"]
[BlackElo "1580"]
[Result "0-1"]
[Round "1"]
1.d4 Ng8f6
2.Ng1f3 e6
3.e3 c5
4.Bf1d3 b6
5.O-O Bf8d6
6.Nb1c3 Bc8b7
7.e4 Bd6c7
8.Bc1g5 d5
9.Nf3e5 Nb8c6
10.Qd1e2 h6
11.Bg5h4 Nc6xd4
12.Qe2d1 Bc7xe5
13.Bh4xf6 Qd8xf6
14.Qd1d2 Qf6h4
15.g3 Qh4g4
16.Kg2 h5
17.Bd3e2 Qg4g6
18.Ra1b1 h4
19.Qd2d1 dxe4
20.f3 hxg3
21.h3 Qg6h6
22.Nc3b5 Qh6xh3
23.Kg1 Qh3h2
{ resign }
0-1

[Event "Match"]
[Site "www.echecsemail.com"]
[Date "2015.02.24"]
[Round "1"]
[White "Willbest500"]
[Black "Lop"]
[WhiteElo "1499"]
[BlackElo "1499"]
[Result "1-0"]
[Round "1"]
1.d4 d5
2.c4 Nb8c6
3.e3 Ng8f6
4.Ng1f3 Bc8f5
5.Nb1c3 Bf5g4
6.h3 Bg4xf3
7.gxf3 e6
8.e4 Bf8b4
9.cxd5 Nc6e7
10.Bf1b5 Kf8
11.dxe6 fxe6
12.e5 Nf6h5
13.f4 Ne7g6
14.a3 Bb4e7
15.Nc3e2 Nh5xf4
16.Bc1xf4 b6
17.h4 Be7xh4
18.Bb5c6 Ra8b8
19.d5 exd5
20.Bc6xd5 Bh4f6
21.e6 Bf6xb2
22.Ra1b1 Qd8xd5
23.Qd1xd5 Bb2e5
24.Bf4xe5 Ng6xe5
25.Qd5xe5 Rb8d8
26.Rh1g1 { resign }
1-0

[Event "1/64 Finale"]
[Site "www.chess-mail.com"]
[Date "2015.02.24"]
[Round "1"]
[White "Anja"]
[Black "Bluetealeaf"]
[WhiteElo "1870"]
[BlackElo "1700"]
[Result "1-0"]
[Round "1"]
1.e4 e5
2.Ng1f3 f6
3.Nf3xe5 Qd8e7
4.Qd1h5 g6
5.Ne5xg6 Qe7f7
6.Ng6f4 Qf7xh5
7.Nf4xh5 d6
8.d4 Bc8g4
9.Bf1e2 Bg4xe2
10.Kxe2 Nb8d7
11.Nb1c3 c6
12.Bc1f4 O-O-O
13.Nh5g3 h6
14.Ng3f5 h5
15.Nf5xd6 Bf8xd6
16.Bf4xd6 Rd8e8
17.f3 Ng8h6
18.Kd3 Re8e6
19.Bd6f4 Nd7b6
20.Rh1e1 h4
21.e5 fxe5
22.Bf4xe5 Rh8g8
23.Re1e2 Nh6f5
24.Nc3e4 Rg8d8
25.Ne4c5 Re6e7
26.c3 Nb6d5
27.f4 Nd5xf4
28.Be5xf4 Re7g7
29.Nc5e6 Rg7f7
30.Ne6xd8 Kxd8
31.Ra1e1 Kd7
32.g3 h3
33.g4 Nf5h4
34.Bf4e5 Nh4f3
35.Re1d1 b5
36.Re2e3 Nf3g5
37.Ke2 a5
38.Rd1f1 Rf7h7
39.Rf1f5 Ng5e6
40.Rf5h5 Rh7f7
41.Re3xh3 Rf7e7
42.Rh5h7 Ne6g5
43.Rh7xe7 Kxe7
44.Rh3e3 Ng5f7
45.Be5c7 Kd7
46.Bc7xa5 Nf7d6
47.Ba5b4 Nd6c4
48.Re3e7 Kd8
49.g5 { resign }
1-0

[Event "1/64 Finale"]
[Site "www.chess-mail.com"]
[Date "2015.02.24"]
[Round "1"]
[White "Stebac"]
[Black "Knightjumper"]
[WhiteElo "2690"]
[BlackElo "1710"]
[Result "1-0"]
[Round "1"]
1.d4 g6
2.e4 Bf8g7
3.Ng1f3 c6
4.Nb1c3 d5
5.h3 dxe4
6.Nc3xe4 Nb8d7
7.Bf1c4 Ng8f6
8.Ne4xf6 Nd7xf6
9.O-O O-O
10.Rf1e1 Nf6d5
11.c3 Nd5b6
12.Bc4d3 Bc8e6
13.Bc1f4 Be6d5
14.Nf3d2 Rf8e8
15.Qd1c2 Ra8c8
16.Ra1d1 c5
17.dxc5 Rc8xc5
18.Nd2e4 Bd5xe4
19.Bd3xe4 Qd8c8
20.Qc2b3 e6
21.Bf4e3 Rc5e5
22.Be3xb6 axb6
23.Qb3xb6 f5
24.Be4xb7 Re5xe1
25.Rd1xe1 Qc8d7
26.Bb7f3 { resign }
1-0

[Event "1/64 Finale"]
[Site "www.chess-mail.com"]
[Date "2015.02.24"]
[Round "1"]
[White "Chessmith19"]
[Black "Amaya"]
[WhiteElo "2610"]
[BlackElo "1920"]
[Result "1-0"]
[Round "1"]
1.e4 e6
2.d4 d5
3.Nb1c3 Bf8b4
4.e5 Ng8e7
5.a3 Bb4xc3
6.bxc3 c5
7.Qd1g4 Qd8c7
8.Qg4xg7 Rh8g8
9.Qg7xh7 cxd4
10.Ng1e2 dxc3
11.f4 b6
12.Ne2d4 Nb8c6
13.Nd4b5 Qc7d7
14.Nb5d6 Kf8
15.Qh7xf7 
1-0

[Event "Fast Game"]
[Site "www.echecsemail.com"]
[Date "2015.02.24"]
[Round "1"]
[White "Stevep84"]
[Black "Korto"]
[WhiteElo "2020"]
[BlackElo "2010"]
[Result "0-1"]
[Round "1"]
1.e4 c5
2.b3 d6
3.Bc1b2 Ng8f6
4.Bf1b5 Bc8d7
5.Bb5xd7 Nb8xd7
6.d3 e5
7.Qd1d2 Bf8e7
8.Nb1a3 a6
9.Na3c4 O-O
10.O-O-O b5
11.Nc4e3 a5
12.Ng1h3 a4
13.b4 cxb4
14.Qd2xb4 d5
15.Qb4d2 a3
16.Bb2c3 d4
17.Ne3f5 dxc3
18.Qd2g5 g6
19.g4 Kh8
20.Rh1g1 gxf5
21.gxf5 Rf8g8
22.Qg5h6 Qd8a5
23.Nh3g5 Ra8f8
24.Rg1g3 Qa5b4
25.Rd1g1 Qb4b2
26.Kd1 Qb2b1
27.Ke2 Qb1xc2
28.Kf1 Qc2b1
29.Ke2 Qb1xa2
30.Kf3 Be7c5
31.Rg3g2 c2
32.Ng5xf7 Rf8xf7
33.Rg2xg8 Nf6xg8
34.Qh6g5 Nd7f6
{ resign }
0-1

[Event "Fast Game"]
[Site "www.echecsemail.com"]
[Date "2015.02.24"]
[Round "1"]
[White "T9l9"]
[Black "Tomasseeber"]
[WhiteElo "1599"]
[BlackElo "1599"]
[Result "1-0"]
[Round "1"]
1.d4 f5
2.c4 Ng8f6
3.Ng1f3 e6
4.g3 b6
5.Bf1g2 Bc8b7
6.O-O Bf8e7
7.Nb1c3 O-O
8.b3 Nf6e4
9.Bc1b2 Ne4xc3
10.Bb2xc3 d5
11.Qd1c2 Nb8d7
12.Ra1d1 c6
13.Bc3b2 Qd8e8
14.Nf3d2 g5
15.f3 f4
16.Rf1e1 fxg3
17.hxg3 Qe8h5
18.e4 c5
19.exd5 Be7d6
20.Nd2e4 Bd6c7
21.dxc5 exd5
22.Ne4d6 Nd7xc5
23.Qc2c3 { resign }
1-0

[Event "Fast Game"]
[Site "www.echecsemail.com"]
[Date "2015.02.24"]
[Round "1"]
[White "Mrmoto"]
[Black "Vinvangogh"]
[WhiteElo "1279"]
[BlackElo "1350"]
[Result "1-0"]
[Round "1"]
1.e4 e5
2.Ng1f3 Ng8f6
3.Nf3xe5 Bf8d6
4.d4 Nf6xe4
5.Qd1f3 O-O
6.Bf1d3 Ne4f6
7.Bc1g5 Nb8c6
8.O-O Nc6xd4
9.Qf3h3 Bd6xe5
10.Bg5xf6 d5
11.Qh3xh7 { resign }
1-0

[Event "Tourn. n7950"]
[Site "www.chess-mail.com"]
[Date "2015.02.25"]
[Round "1"]
[White "Vite"]
[Black "Picifarkinca"]
[WhiteElo "2020"]
[BlackElo "2000"]
[Result "1-0"]
[Round "1"]
1.e4 e5
2.Ng1f3 Nb8c6
3.Bf1b5 a6
4.Bb5a4 Ng8f6
5.O-O Bf8e7
6.Rf1e1 b5
7.Ba4b3 d6
8.c3 O-O
9.d4 h6
10.Nb1d2 Qd8e8
11.Nd2f1 Qe8d7
12.Nf1g3 Rf8e8
13.Ng3f5 Be7f8
14.a3 exd4
15.cxd4 Re8xe4
16.Nf5g3 Re4xe1
17.Qd1xe1 Bc8b7
18.Bc1e3 Ra8e8
19.Ra1c1 Nc6e7
20.Qe1e2 Ne7d5
21.Qe2d3 Nd5xe3
22.fxe3 c5
23.dxc5 dxc5
24.Qd3xd7 Nf6xd7
25.Rc1e1 c4
26.Bb3c2 Bf8c5
27.Kf2 Kf8
28.h3 { resign }
1-0

[Event "Tourn. n8065"]
[Site "www.chess-mail.com"]
[Date "2015.02.25"]
[Round "1"]
[White "Azulmarino"]
[Black "Gene4267"]
[WhiteElo "1540"]
[BlackElo "1499"]
[Result "0-1"]
[Round "1"]
1.e4 e6
2.d3 d5
3.f3 c5
4.Bc1f4 Nb8c6
5.Bf1e2 Ng8f6
6.Nb1d2 Bf8d6
7.Bf4g5 h6
8.exd5 exd5
9.Bg5e3 O-O
10.c3 Rf8e8
11.Be3f2 Bc8f5
12.Qd1b3 Bf5xd3
13.Qb3xb7 Nc6a5
14.Qb7xa8 Qd8xa8
15.Kd1 c4
16.Bf2d4 Nf6h5
17.g4 Nh5f4
18.b4 Bd3xe2
19.Ng1xe2 Re8xe2
20.bxa5 Qa8e8
{ resign }
0-1

[Event "Tourn. n7940"]
[Site "www.chess-mail.com"]
[Date "2015.02.25"]
[Round "1"]
[White "Picifarkinca"]
[Black "Falcoale"]
[WhiteElo "1970"]
[BlackElo "2000"]
[Result "0-1"]
[Round "1"]
1.Ng1f3 c5
2.g3 d5
3.Bf1g2 Ng8f6
4.d3 e6
5.O-O Nb8c6
6.c3 Bf8d6
7.Nb1d2 O-O
8.e4 dxe4
9.dxe4 Ra8b8
10.Rf1e1 Nc6e7
11.e5 Ne7g6
12.exf6 b6
13.fxg7 Kxg7
14.Nd2c4 Bd6e7
15.a4 Bc8b7
16.Bc1e3 Qd8c7
17.Qd1c2 Rf8d8
18.h4 Bb7d5
19.Nc4e5 Ng6xe5
20.Nf3xe5 Bd5xg2
21.Kxg2 Rd8d5
22.Ne5f3 Rb8g8
23.Nf3g5 Be7xg5
24.Be3xg5 h6
25.Bg5e3 f5
26.Be3xh6 Kf7
27.Bh6g5 Qc7c6
28.Kg1 c4
{ resign }
0-1

[Event "Tourn. n8114"]
[Site "www.chess-mail.com"]
[Date "2015.02.25"]
[Round "1"]
[White "Kesalon"]
[Black "F14"]
[WhiteElo "1830"]
[BlackElo "1850"]
[Result "0-1"]
[Round "1"]
1.e4 e5
2.Ng1f3 Nb8c6
3.Bf1c4 Ng8f6
4.Nf3g5 d5
5.exd5 Nc6a5
6.Bc4b5 Bc8d7
7.Qd1f3 Bd7xb5
{ resign }
0-1

[Event "Tourn. n7976"]
[Site "www.chess-mail.com"]
[Date "2015.02.25"]
[Round "1"]
[White "Zazi"]
[Black "Uliczny2"]
[WhiteElo "1570"]
[BlackElo "1550"]
[Result "1-0"]
[Round "1"]
1.Ng1f3 Ng8f6
2.d4 g6
3.c3 Bf8g7
4.Qd1b3 O-O
5.g4 Nf6xg4
6.Bf1h3 d5
7.a4 Ng4xf2
8.Bh3xc8 Nf2xh1
9.Bc8xb7 Nb8d7
10.Bb7xa8 Qd8xa8
11.c4 Kh8
12.cxd5 Nd7b6
13.e4 c6
14.Nb1c3 cxd5
15.exd5 Rf8d8
16.Bc1e3 { resign }
1-0

[Event "Tourn. n8035"]
[Site "www.chess-mail.com"]
[Date "2015.02.25"]
[Round "1"]
[White "Ranjachess"]
[Black "Azulmarino"]
[WhiteElo "1550"]
[BlackElo "1550"]
[Result "1-0"]
[Round "1"]
1.e4 e5
2.a3 Qd8f6
3.d3 Bf8c5
4.Bc1e3 Nb8c6
5.Be3xc5 d6
6.Bc5e3 Bc8e6
7.Ng1f3 Be6g4
8.Bf1e2 Bg4xf3
9.Be2xf3 Ng8e7
10.O-O Ne7g6
11.g3 O-O
12.Bf3h5 Ng6h8
13.Qd1g4 g6
14.Be3h6 Rf8e8
15.f4 exf4
16.Nb1c3 Nc6e5
17.Nc3d5 Qf6d8
18.Bh6g5 Ne5xg4
19.Bg5xd8 Re8xd8
20.Bh5xg4 g5
21.Nd5xc7 Ra8b8
22.gxf4 h6
23.f5 Rd8d7
24.Nc7d5 Rd7d8
25.b4 Rb8c8
26.Nd5e7 Kf8
27.Ne7xc8 Rd8xc8
28.c4 f6
29.Ra1c1 Nh8f7
30.d4 b6
31.Kg2 Rc8e8
32.Rc1e1 a5
33.Bg4h5 Re8c8
34.Bh5xf7 Kxf7
35.e5 dxe5
36.dxe5 fxe5
37.Re1xe5 axb4
38.axb4 Rc8xc4
39.b5 Kf6
40.Re5e6 Kf7
41.Re6xh6 g4
42.Rh6xb6 { resign }
1-0